Bad Boys - Inner Circle - All Lyrics - Statistics

General Stats
  • This quiz has been taken 11 times
  • The average score is 481 of 592
Answer Stats
Answer % Correct
a
100%
Bad
100%
bad
100%
(Bad
100%
bad,
100%
boys!
100%
boys,
100%
boys
100%
boys)
100%
come
100%
do
100%
do?
100%
for
100%
go
100%
gonna
100%
Heeey!
100%
Huh!
100%
What
100%
what
100%
(What
100%
When
100%
when
100%
you
100%
you?
100%
You
100%
you?)
100%
the
89%
they
89%
and
78%
I
78%
Hey,
67%
hey,
67%
hey!
67%
me,
67%
me!
67%
me
67%
that
67%
Yeah!
67%
yeah
67%
are
56%
fool?
56%
get
56%
If
56%
it
56%
know
56%
on
56%
one,
56%
one
56%
So
56%
so
56%
then
56%
this
56%
to
56%
wanna
56%
were
56%
why
56%
Why
56%
your
56%
act
44%
did
44%
eight
44%
golden
44%
had
44%
let
44%
like
44%
must
44%
naw
44%
no
44%
rule
44%
school
44%
Tell
44%
want?
44%
you're
44%
You're
44%
acting
33%
bloody
33%
comes
33%
cool!
33%
Don't
33%
father
33%
give
33%
hot,
33%
learn
33%
mona
33%
mother
33%
of
33%
Police
33%
sometimes
33%
traits
33%
break
22%
brother
22%
goes
22%
have
22%
love
22%
Reflection
22%
reflection
22%
sister
22%
soldier
22%
too
22%
with
22%
being?
11%
Born
11%
Brown
11%
chuck
11%
even
11%
human
11%
John
11%
mean?
11%
Nobody
11%
Not
11%
rude
11%
rude,
11%
Sheriff
11%
idren
0%
No matching quizzes found
Score Distribution
Percent of People with Each Score
Percentile by Number Answered
Your Score History
You have not taken this quiz